2017 NBA Beefs - Statistics

General Stats
  • This quiz has been taken 77 times
  • The average score is 10 of 17
Answer Stats
Beef Belligerents % Correct
Superstar abandons his teammate and signs with a dynasty Kevin Durant
100%
Russell Westbrook
96%
LeBron James
93%
Dwyane Wade
80%
A basketball analyst incessantly mocks a player for his mistakes Shaquille O'Neal
77%
Jimmy Butler
76%
Bulls point guard calls out two teammates for openly blaming a loss on the bench players Rajon Rondo
71%
A basketball analyst calls a superstar "whiny" for requesting help Charles Barkley
64%
JaVale McGee
63%
Retired star is forcefully removed from arena after harassing team owner Charles Oakley
53%
Retiring NBA legend engages in trash talk with hothead Paul Pierce
47%
Team president attacks his star player via Twitter Phil Jackson
46%
Carmelo Anthony
44%
Draymond Green
44%
Retired player dates current player's ex-wife Derek Fisher
37%
Matt Barnes
30%
James Dolan
19%
No matching quizzes found
Score Distribution
Percent of People with Each Score
Percentile by Number Answered
Your Score History
You have not taken this quiz